[Event "Ch Portugal (team) (1 div) (final)"]
[Site "masterchessopen.com Vila Nova de Gaia (Portugal)"]
[Date "2010.08.01"]
[Round "7"]
[White "Lovik Lasse Ostebo (NOR)"]
[Black "Galego Luis (POR)"]
[Result "0-1"]
[WhiteElo "2298"]
[BlackElo "2500"]

1.d4 Nf6 2.c4 e6 3.Nc3 Bb4 4.e3 O-O 5.Ne2 d5 6.g3 dxc4 7.Bg2 Nbd7 8.O-O Nb6
9.Bd2 c5 10.a3 cxd4 11.axb4 dxc3 12.Bxc3 Nfd5 13.Bd4 Qc7 14.Bc5 Rd8 15.Qc2 Nd7
16.Rfc1 b5 17.b3 Nxc5 18.bxc5 cxb3 19.Qxb3 Rb8 20.Nd4 a6 21.Qa3 e5 22.Nb3 Be6
23.c6 Rb6 24.Qc5 Ne7 25.Na5 b4 26.Nb7 Rb8 27.Qc2 b3 28.Qb2 Bd5 29.Bxd5 Nxd5
30.Nc5 Rxc6 31.Nxb3 Rxb3 32.Qxb3 Rxc1+ 33.Rxc1 Qxc1+ 34.Kg2 Qc5 {#R} 0-1

[Event "Ch Serbia (team) (1 liga)"]
[Site "masterchessopen.com Vrnjacka Banja (Serbia)"]
[Date "2010.08.23"]
[Round "3"]
[White "Milanovic Danilo (SRB)"]
[Black "Bogosavljevic Boban (SRB)"]
[Result "1-0"]
[WhiteElo "2499"]
[BlackElo "2554"]

1.d4 Nf6 2.c4 e6 3.Nc3 Bb4 4.e3 O-O 5.Ne2 Re8 6.g3 d5 7.Qb3 a5 8.Bg2 c6 9.O-O
Nbd7 10.cxd5 exd5 11.Bd2 Nb6 12.Rad1 Nc4 13.Bc1 Bf5 14.Nf4 Qe7 15.Nd3 h5
16.Rfe1 h4 17.e4 dxe4 18.Qxc4 Be6 19.d5 cxd5 20.Qd4 exd3 21.Bg5 h3 22.Bf1 Qf8
23.Bxf6 gxf6 24.Rxd3 Rad8 25.Qh4 Qg7 26.Bxh3 f5 27.Red1 Be7 28.Qa4 Bf6 29.Nxd5
Bg5 30.b3 {#r} 1-0

[Event "It (open)"]
[Site "masterchessopen.com Nikea (Greece)"]
[Date "2010.08.24"]
[Round "6"]
[White "Papadimitriou Loukas (GRE)"]
[Black "Terzidaki Alexandra (GRE)"]
[Result "0-1"]
[WhiteElo "2126"]
[BlackElo "1885"]

1.d4 Nf6 2.c4 e6 3.Nc3 Bb4 4.e3 O-O 5.Ne2 d5 6.a3 Bd6 7.c5 Be7 8.Nf4 c6 9.Nd3
b6 10.b4 a5 11.Na4 Nbd7 12.Bd2 Ne4 13.Ne5 Nxe5 14.Nxb6 Bh4 15.g3 Qf6 16.f4
Nxg3 17.hxg3 Bxg3+ 18.Ke2 Ba6+ {#R} 0-1

[Event "It (cat.10)"]
[Site "masterchessopen.com Haarlem (Netherlands)"]
[Date "2010.08.28"]
[Round "8"]
[White "Peng Zhaoqin (NED)"]
[Black "Ris Robert (NED)"]
[Result "0-1"]
[WhiteElo "2400"]
[BlackElo "2416"]

1.d4 Nf6 2.c4 e6 3.Nc3 Bb4 4.e3 O-O 5.Ne2 d5 6.a3 Bd6 7.c5 Be7 8.b4 c6 9.Nf4
b6 10.Bd3 a5 11.Bb2 Ba6 12.O-O Qc7 13.Qc2 Nbd7 14.Rfc1 Rfc8 15.h3 Qb7 16.Rcb1
Bd8 17.cxb6 Nxb6 18.Bxa6 Qxa6 19.Nd3 Nfd7 20.Nc5 Nxc5 21.bxc5 Nc4 22.Bc1 e5
23.Qd3 Bc7 24.a4 Re8 25.Bd2 Re6 26.Ne2 e4 27.Qc2 Qc8 28.Nf4 Rh6 29.Rf1 g5
30.Ne2 g4 31.Bc1 gxh3 32.g3 Qg4 {#R} 0-1

[Event "Ch European Union"]
[Site "masterchessopen.com Arvier (Italy)"]
[Date "2010.09.06"]
[Round "3"]
[White "Marguerettaz Davy (ITA)"]
[Black "Caprio Guido (ITA)"]
[Result "1-0"]
[WhiteElo "2116"]
[BlackElo "2265"]

1.d4 Nf6 2.c4 e6 3.Nc3 Bb4 4.e3 O-O 5.Ne2 d5 6.a3 Be7 7.Nf4 c6 8.cxd5 exd5
9.Bd3 Bd6 10.O-O a5 11.Kh1 Na6 12.f3 Kh8 13.Bc2 c5 14.Ncxd5 Nxd5 15.Nxd5 Bxh2
16.Kxh2 Qxd5 17.Bb3 Qd6+ 18.Kg1 cxd4 19.Qxd4 Qg6 20.e4 Bh3 21.Rf2 Rad8 22.Bd5
f5 23.Be3 Nc7 24.Qb6 Qg3 25.Kf1 Nxd5 26.exd5 Rxd5 27.Qxb7 f4 28.Bxf4 Bxg2+
29.Kg1 Qxf4 30.Qxd5 Bxf3 31.Rxf3 Qxf3 32.Qxf3 Rxf3 33.b4 a4 34.Rf1 {#r} 1-0

[Event "Ch Netherlands (team) 2010/11"]
[Site "masterchessopen.com Netherlands"]
[Date "2010.09.18"]
[Round "1"]
[White "Spoelman Wouter (NED)"]
[Black "Witt Rob (NED)"]
[Result "1-0"]
[WhiteElo "2538"]
[BlackElo "2242"]

1.d4 e6 2.c4 Nf6 3.Nc3 Bb4 4.e3 O-O 5.Ne2 d5 6.a3 Bd6 7.cxd5 exd5 8.g3 c6
9.Qc2 Bg4 10.Bg2 Qd7 11.f3 Bh3 12.O-O Bxg2 13.Kxg2 c5 14.dxc5 Bxc5 15.Rd1 Qc6
16.Nf4 Na6 17.b4 Nxb4 18.axb4 Bxb4 19.Bb2 Rac8 20.Rac1 Rfd8 21.Qf5 g6 22.Qd3
Bxc3 23.Rxc3 Qb6 24.Rxc8 Rxc8 25.Bxf6 Qxf6 26.Nxd5 {#r} 1-0

[Event "It (open)"]
[Site "masterchessopen.com Moratalaz (Spain)"]
[Date "2010.09.19"]
[Round "4"]
[White "Serrano Salvador Eduardo (ESP)"]
[Black "Cerrato Torrijos Maria (ESP)"]
[Result "1-0"]
[WhiteElo "2352"]
[BlackElo "2055"]

1.d4 Nf6 2.c4 e6 3.Nc3 Bb4 4.e3 O-O 5.Ne2 d5 6.a3 Be7 7.cxd5 exd5 8.Ng3 c6
9.Bd3 g6 10.O-O Re8 11.f3 Bd6 12.Bc2 Qc7 13.f4 Bg4 14.Qd3 Nbd7 15.h3 Be6
16.Qd1 Kg7 17.Qf3 Ng8 18.Nh5+ Kh8 19.f5 Bxf5 20.Bxf5 gxf5 21.Qxf5 Re7 22.e4
dxe4 23.Nxe4 Rae8 24.Nef6 Ngxf6 25.Nxf6 Nxf6 26.Qxf6+ Kg8 27.Bh6 Bh2+ 28.Kh1
Qg3 29.Bf4 {#r} 1-0

[Event "Ch India (challengers)"]
[Site "masterchessopen.com Bhiwani (India)"]
[Date "2010.09.25"]
[Round "12"]
[White "Praveen Kumar C (IND)"]
[Black "Shetty Rahul (IND)"]
[Result "1-0"]
[WhiteElo "2380"]
[BlackElo "2280"]

1.d4 Nf6 2.c4 e6 3.Nc3 Bb4 4.e3 O-O 5.Ne2 Re8 6.a3 Bf8 7.g3 d5 8.cxd5 exd5
9.b4 a5 10.b5 Nbd7 11.Bg2 Nb6 12.O-O Bf5 13.Nf4 Ne4 14.Nxe4 Bxe4 15.f3 Bf5
16.g4 Bd7 17.Qd3 Bd6 18.e4 Bxf4 19.Bxf4 dxe4 20.fxe4 Bxg4 21.d5 Qd7 22.Rac1
Rac8 23.Qg3 Re7 24.Rc2 f5 25.Rfc1 Qxb5 26.Bxc7 Nd7 27.Bf1 Qa4 28.Rc4 Rxc7
29.Qxc7 Qxa3 30.R1c3 Qb2 31.Qd8+ Kf7 32.d6 Rxe4 33.Qxd7+ Kg6 34.Rxe4 Qxc3
35.Qe8+ {#r} 1-0

[Event "Olympiad (w)"]
[Site "masterchessopen.com Khanty Mansyisk (Russia)"]
[Date "2010.09.28"]
[Round "7"]
[White "Dworakowska Joanna (POL)"]
[Black "Sihite Chelsie Monica (INA)"]
[Result "1-0"]
[WhiteElo "2315"]
[BlackElo "2014"]

1.d4 Nf6 2.c4 e6 3.Nc3 Bb4 4.e3 O-O 5.Ne2 c5 6.a3 cxd4 7.axb4 dxc3 8.bxc3 d5
9.Ng3 Qc7 10.Qb3 b6 11.Bb2 Nbd7 12.cxd5 exd5 13.c4 dxc4 14.Qxc4 Qxc4 15.Bxc4
Bb7 16.Rd1 Rfc8 17.Bb3 a5 18.Nf5 a4 19.Ne7+ Kf8 20.Nxc8 axb3 21.Nd6 Bxg2
22.Rg1 Bf3 23.Rd2 g6 24.Rg3 Bc6 25.Ke2 Ke7 26.e4 Ba4 27.Rgd3 Ne8 28.Ke3 Nxd6
29.Rxd6 Rc8 30.f4 h5 31.f5 gxf5 32.exf5 Rg8 33.f6+ Ke8 34.R6d5 Rh8 35.b5 {#r}
1-0

[Event "Memorial M.Chigorin (open)"]
[Site "masterchessopen.com St. Petersburg (Russia)"]
[Date "2010.11.01"]
[Round "5"]
[White "Skvortsov Alexandr L (RUS)"]
[Black "Mukha Aleksey (RUS)"]
[Result "1-0"]
[WhiteElo "2282"]
[BlackElo "1925"]

1.d4 Nf6 2.c4 e6 3.Nc3 Bb4 4.e3 O-O 5.Ne2 d6 6.a3 Bxc3+ 7.Nxc3 b6 8.Bd3 Bb7
9.O-O Nbd7 10.b4 e5 11.d5 a5 12.Bd2 e4 13.Nxe4 Nxe4 14.Bxe4 axb4 15.axb4 Nf6
16.Bf3 Re8 17.Bc3 Nd7 18.Qc2 Qh4 19.Bb2 Ne5 20.Bxe5 Rxe5 21.Rxa8+ Bxa8 22.Ra1
Qd8 23.g3 b5 24.cxb5 Bxd5 25.Bxd5 Rxd5 26.Qc6 {#r} 1-0

[Event "Memorial M.Chigorin (open)"]
[Site "masterchessopen.com St. Petersburg (Russia)"]
[Date "2010.11.02"]
[Round "6"]
[White "Mozharov Mikhail (RUS)"]
[Black "Biriukov Oleg V (RUS)"]
[Result "1-0"]
[WhiteElo "2494"]
[BlackElo "2345"]

1.d4 Nf6 2.c4 e6 3.Nc3 Bb4 4.e3 O-O 5.Ne2 d5 6.a3 Be7 7.cxd5 Nxd5 8.Nxd5 exd5
9.Ng3 a5 10.Bd3 Bd6 11.Qf3 c6 12.e4 dxe4 13.Nxe4 Be7 14.O-O Nd7 15.Re1 Nb6
16.Qh5 g6 17.Qh6 Qxd4 18.Be3 Qxd3 19.Bxb6 Qd5 20.Bc5 Qxc5 21.Nxc5 Bxc5 22.Re4
f6 23.Rae1 Bf5 24.Re7 Bxe7 25.Rxe7 {#r} 1-0

[Event "Memorial M.Chigorin (open)"]
[Site "masterchessopen.com St. Petersburg (Russia)"]
[Date "2010.11.03"]
[Round "7"]
[White "Skvortsov Alexandr L (RUS)"]
[Black "Obrezchikov Mikhail (RUS)"]
[Result "1-0"]
[WhiteElo "2282"]
[BlackElo "1996"]

1.d4 Nf6 2.c4 e6 3.Nc3 Bb4 4.e3 O-O 5.Ne2 d5 6.a3 Be7 7.Nf4 c6 8.cxd5 exd5
9.Bd3 Nbd7 10.O-O Re8 11.b4 a6 12.Qb3 Bd6 13.Bb2 Ng4 14.g3 Qg5 15.Kg2 Ndf6
16.Rh1 Nxe3+ 17.fxe3 Rxe3 18.Nce2 Bf5 19.h4 Bxd3 20.Qxd3 Bxf4 21.Qxe3 Bxe3
22.hxg5 Bxg5 23.Bc1 Bxc1 24.Raxc1 Re8 25.Nc3 Kf8 {#r} 1-0

[Event "Ch England (team) 2010/11 (2 div)"]
[Site "masterchessopen.com England"]
[Date "2010.11.07"]
[Round "2"]
[White "Singleton Michael P F (ENG)"]
[Black "Mackenzie Colin (ENG)"]
[Result "1-0"]
[WhiteElo "2162"]
[BlackElo "2118"]

1.d4 e6 2.c4 Nf6 3.Nc3 Bb4 4.e3 O-O 5.Ne2 d5 6.a3 Be7 7.Ng3 c5 8.dxc5 dxc4
9.Qc2 Nc6 10.Bxc4 Ne5 11.Be2 Bxc5 12.O-O Bd7 13.b4 Bb6 14.Bb2 Rc8 15.Qb3 Nfg4
16.Nce4 Qc7 17.Rac1 Qb8 18.Nc5 Bxc5 19.bxc5 Nf6 20.Qc3 Nc6 21.Rfd1 Rfd8 22.Ne4
e5 23.Nd6 Rc7 24.f4 Ne8 25.fxe5 Be6 26.Bc4 Re7 27.Rf1 Rdd7 28.Nf5 Bxf5 29.Rxf5
Qd8 30.Rcf1 Kh8 31.e6 Rd1 32.exf7 Rxf1+ 33.Rxf1 Nf6 34.Qxf6 gxf6 35.Bxf6# 1-0

[Event "Ch Hungary (team) 2010/11"]
[Site "masterchessopen.com Hungary"]
[Date "2010.11.07"]
[Round "2"]
[White "Karolyi Tibor Jr (HUN)"]
[Black "Amstadt Aron (HUN)"]
[Result "1-0"]
[WhiteElo "2337"]
[BlackElo "2262"]

1.d4 Nf6 2.c4 e6 3.Nc3 Bb4 4.e3 O-O 5.Ne2 Re8 6.a3 Bf8 7.d5 e5 8.h3 a5 9.g4 d6
10.Ng3 c6 11.Bg2 Nfd7 12.Rb1 Nb6 13.Qd3 a4 14.O-O Qc7 15.Rd1 Na6 16.Nce4 cxd5
17.cxd5 Bd7 18.Nf5 Rec8 19.Bd2 Nc5 20.Nxc5 Qxc5 21.Bb4 Bxf5 22.Qxf5 Qb5 23.Bf1
Qe8 24.Qe4 g6 25.Rbc1 Qd7 26.Rxc8 Nxc8 27.Bc3 Ne7 28.Qb4 Nc8 29.Bb5 Qd8
30.Bxa4 Qh4 31.Kg2 f5 32.Bd7 Ne7 33.Qxd6 {#r} 1-0

[Event "It (open) (under 2000)"]
[Site "masterchessopen.com Benidorm (Spain)"]
[Date "2010.12.03"]
[Round "1"]
[White "Rubio Trigueros Jose Luis (ESP)"]
[Black "Laiglesia Nieto Angel (ESP)"]
[Result "1-0"]
[WhiteElo "1916"]
[BlackElo "1654"]

1.d4 e6 2.c4 Bb4+ 3.Nc3 Nf6 4.e3 O-O 5.Ne2 d5 6.a3 Be7 7.Nf4 b6 8.Bd3 Bb7
9.cxd5 exd5 10.O-O Nbd7 11.Qf3 c6 12.Bd2 Qc7 13.Rfc1 a6 14.Ncxd5 Nxd5 15.Nxd5
Qd6 16.Nxe7+ Qxe7 17.Be4 Nb8 18.Bb4 c5 19.Bxb7 Ra7 20.dxc5 {#r} 1-0

[Event "It (open)"]
[Site "masterchessopen.com Pavlodar (Kazakhstan)"]
[Date "2010.12.03"]
[Round "4"]
[White "Melnikov Egor (RUS)"]
[Black "Nukin Ashat (KAZ)"]
[Result "1-0"]
[WhiteElo "1978"]
[BlackElo "2338"]

1.d4 Nf6 2.c4 e6 3.Nc3 Bb4 4.e3 O-O 5.Ne2 d5 6.a3 Be7 7.Nf4 c6 8.Bd3 Nbd7
9.cxd5 exd5 10.O-O a5 11.f3 Nb6 12.Bc2 c5 13.Bb3 Re8 14.Kh1 Ra6 15.dxc5 Bxc5
16.Ncxd5 Nbxd5 17.Nxd5 Nxd5 18.Qxd5 Qc7 19.e4 Be6 20.Qd3 Rd8 21.Qc2 Rc6 22.Rd1
Bd4 23.Qd3 Bxb3 {#r} 1-0

[Event "It (open)"]
[Site "masterchessopen.com Tenerife (Spain)"]
[Date "2010.12.16"]
[Round "1"]
[White "Hernandez Leon Sergio (ESP)"]
[Black "Ferrera Gonzalez Carlos (ESP)"]
[Result "1-0"]
[WhiteElo "2133"]
[BlackElo "1485"]

1.d4 e6 2.c4 Nf6 3.Nc3 Bb4 4.e3 O-O 5.Ne2 d5 6.cxd5 Nxd5 7.g3 b6 8.Bg2 Bb7
9.e4 Nf6 10.Bg5 c6 11.e5 h6 12.Bxf6 gxf6 13.exf6 Qxf6 14.O-O Ba6 15.Ne4 Qg7
16.Nf4 Bxf1 17.Nh5 Be2 18.Qxe2 Qxd4 19.Rd1 Bd2 20.Rxd2 Qa4 21.Qg4+ {#r} 1-0

[Event "It (open)"]
[Site "masterchessopen.com Groningen (Netherlands)"]
[Date "2010.12.29"]
[Round "8"]
[White "Bluvshtein Mark (CAN)"]
[Black "Baklan Vladimir (UKR)"]
[Result "1-0"]
[WhiteElo "2583"]
[BlackElo "2621"]

1.d4 Nf6 2.c4 e6 3.Nc3 Bb4 4.e3 O-O 5.Ne2 Re8 6.a3 Bf8 7.Ng3 d5 8.Be2 dxc4
9.O-O c5 10.dxc5 Bxc5 11.Bxc4 Nc6 12.b4 Bf8 13.Bb2 b6 14.Nce4 Nxe4 15.Nxe4 f5
16.Ng3 Kh8 17.Rc1 Bd7 18.Qd2 Re7 19.e4 fxe4 20.Nxe4 Be8 21.Qf4 Bg6 22.Rfd1 Qb8
23.Qh4 Ne5 24.Bb3 Nf7 25.Nf6 h6 26.Nd7 Qb7 27.Qg3 Rxd7 28.Qxg6 Rad8 29.Rxd7
Rxd7 30.Bc2 {#r} 1-0

[Event "Memorial Antonio Rocha (cat.8)"]
[Site "masterchessopen.com Campinas (Brazil)"]
[Date "2011.01.13"]
[Round "1"]
[White "De Nucci Gilberto (BRA)"]
[Black "Mareco Sandro (ARG)"]
[Result "0-1"]
[WhiteElo "2065"]
[BlackElo "2597"]

1.d4 Nf6 2.c4 e6 3.Nc3 Bb4 4.e3 O-O 5.Ne2 d5 6.a3 Be7 7.Nf4 c6 8.cxd5 exd5
9.Bd3 Bd6 10.O-O Re8 11.b4 Nbd7 12.Re1 Ne4 13.Qc2 Ndf6 14.f3 Ng5 15.Bd2 g6
16.Nce2 Bd7 17.h4 Ne6 18.e4 dxe4 19.fxe4 Ng4 20.g3 Qb6 21.Qc3 Rad8 22.Kg2 Be5
23.Nxe6 Bxe6 24.Bg5 Rxd4 25.Nxd4 Bxd4 26.Qd2 h6 27.Bxh6 Bxa1 28.Rxa1 Rd8
29.Rd1 Rxd3 30.Qb2 Qf2+ {#R} 0-1

[Event "Ch Romania"]
[Site "masterchessopen.com Sarata Monteoru (Romania)"]
[Date "2011.02.14"]
[Round "3"]
[White "Baratosi Daniel (ROM)"]
[Black "Gheorghiu Calin (ROM)"]
[Result "1-0"]
[WhiteElo "2407"]
[BlackElo "2023"]

1.d4 e6 2.c4 Nf6 3.Nc3 Bb4 4.e3 O-O 5.Ne2 b6 6.a3 Be7 7.Ng3 d5 8.cxd5 Nxd5
9.Bd3 Bb7 10.O-O c5 11.Nxd5 Bxd5 12.dxc5 Bxc5 13.Qc2 h6 14.Rd1 Qh4 15.b4 Be7
16.Bb2 Nd7 17.Bh7+ Kh8 18.Rxd5 Rac8 19.Qd3 Nf6 20.Rd4 Qg5 21.Be4 Ng4 22.Qe2
Bf6 23.Rdd1 Bxb2 24.Qxb2 Qh4 25.h3 Nxe3 26.Rdc1 f5 27.Bf3 f4 28.Nh5 Nf5 29.Qe5
Rxc1+ 30.Rxc1 Qg5 31.Nxf4 Nd4 32.Qxg5 {#r} 1-0

[Event "Ch Catalunia (team) (Div. Honor)"]
[Site "masterchessopen.com Barcelona (Spain)"]
[Date "2011.02.19"]
[Round "4"]
[White "Pinero Fernandez Xavier (ESP)"]
[Black "Larino Nieto David (ESP)"]
[Result "0-1"]
[WhiteElo "2266"]
[BlackElo "2455"]

1.d4 e6 2.c4 Nf6 3.Nc3 Bb4 4.e3 O-O 5.Ne2 Re8 6.a3 Bf8 7.d5 exd5 8.cxd5 c5
9.g3 d6 10.Bg2 Bd7 11.O-O b5 12.b4 a5 13.Rb1 axb4 14.axb4 cxb4 15.Rxb4 Na6
16.Rb2 b4 17.Na2 Qa5 18.Qd4 Bb5 19.Re1 Rec8 20.Qd1 b3 21.Rxb3 Nc5 22.Ra3 Qb6
23.Qd4 Rxa3 24.Bxa3 Qa6 25.Bxc5 Qxa2 26.Nc3 dxc5 27.Qd1 Qb2 28.Nxb5 Qxb5 29.e4
c4 30.e5 c3 31.exf6 c2 32.Qc1 Qb4 33.Rf1 g6 {#R} 0-1

[Event "Czech League 2010/11 (2nd) (b)"]
[Site "masterchessopen.com Czech Republic"]
[Date "2011.02.20"]
[Round "8"]
[White "Vavrinec Tomas (CZE)"]
[Black "Papay Marek (CZE)"]
[Result "0-1"]
[WhiteElo "2023"]
[BlackElo "1922"]

1.c4 Nf6 2.Nc3 e6 3.d4 Bb4 4.e3 O-O 5.Ne2 d5 6.a3 Bxc3+ 7.Nxc3 b6 8.Be2 dxc4
9.Bf3 c6 10.O-O Bb7 11.Qe2 Qc7 12.Rd1 b5 13.e4 Nbd7 14.Bg5 a6 15.Qd2 Rfd8
16.Rac1 e5 17.d5 cxd5 18.exd5 Qd6 19.a4 Nc5 20.Bxf6 Qxf6 21.Ne4 Nxe4 22.Bxe4
Re8 23.b3 cxb3 24.Rc7 Qb6 25.Rdc1 bxa4 26.Qd3 g6 27.Qf3 Rf8 28.Rxb7 Qxb7 29.d6
b2 30.Rb1 Qc8 31.h4 Rb8 32.Qe3 Qe6 33.Qa3 Qb3 34.Qc5 a3 {#R} 0-1

[Event "Ch France (blitz)"]
[Site "masterchessopen.com Nice (France)"]
[Date "2011.02.20"]
[Round "6"]
[White "Derieux Christian (FRA)"]
[Black "Feller Sebastien (FRA)"]
[Result "1-0"]
[WhiteElo "2025"]
[BlackElo "2668"]

1.d4 Nf6 2.c4 e6 3.Nc3 Bb4 4.e3 O-O 5.a3 Nc6 6.Bd3 e5 7.Ne2 e4 8.Bc2 Na5 9.Ng3
Re8 10.Qe2 b6 11.f3 exf3 12.gxf3 Ba6 13.Bd3 d5 14.cxd5 Bxd3 15.Qxd3 Qxd5
16.O-O c5 17.e4 Qc4 18.Qxc4 Nxc4 19.Bg5 Nd7 20.Nf5 h6 21.Bf4 Rac8 22.Nd6 Nxd6
23.Bxd6 cxd4 {#r} 1-0

[Event "Bundesliga 2010/11"]
[Site "masterchessopen.com Austria"]
[Date "2011.03.03"]
[Round "8"]
[White "Lendwai Reinhard (AUT)"]
[Black "Durakovic Alman (BIH)"]
[Result "1-0"]
[WhiteElo "2397"]
[BlackElo "2221"]

1.d4 Nf6 2.c4 e6 3.Nc3 Bb4 4.e3 O-O 5.Ne2 d5 6.a3 Bd6 7.c5 Be7 8.b4 c6 9.Bd2
b6 10.Nc1 e5 11.Be2 e4 12.Nb3 Na6 13.Na4 Rb8 14.cxb6 axb6 15.Qc2 Nc7 16.Nb2
Bd7 17.a4 Ne6 18.a5 c5 19.bxc5 bxc5 20.dxc5 Bb5 21.Bxb5 Rxb5 22.Na4 Qb8 23.Nd4
Nxc5 24.O-O Ng4 25.g3 Nb3 26.Nxb5 Nxa1 27.Qb1 Ne5 28.Bc3 Nf3+ 29.Kg2 Qc8 30.h3
Qc4 31.Nb6 Qe2 32.Bxa1 Nd2 33.Nd4 Qxf1+ 34.Qxf1 Nxf1 35.Kxf1 Bb4 36.Nc6 {#r}
1-0

[Event "Bundesliga 2010/11 (w)"]
[Site "masterchessopen.com Germany"]
[Date "2011.03.12"]
[Round "10"]
[White "Socko Monika (POL)"]
[Black "Worek Joanna (POL)"]
[Result "1-0"]
[WhiteElo "2490"]
[BlackElo "2265"]

1.d4 Nf6 2.c4 e6 3.Nc3 Bb4 4.e3 O-O 5.Ne2 d5 6.a3 Bd6 7.c5 Be7 8.b4 c6 9.Ng3
Qc7 10.Be2 Nbd7 11.O-O Re8 12.Bb2 e5 13.e4 dxe4 14.Ncxe4 b6 15.Bc4 Nxe4
16.Nxe4 Nf6 17.Qf3 Nd5 18.dxe5 bxc5 19.bxc5 Be6 20.Nd6 Reb8 21.Bd4 Qa5 22.Rad1
Qa4 23.Ba2 Rf8 24.Bb3 Qa6 25.Bc2 Rab8 26.Rfe1 g6 27.Qg3 Bd7 28.e6 Bxe6 29.Rxe6
Bxd6 30.Rxd6 Rfe8 31.Bxg6 {#r} 1-0

[Event "Cup Spring"]
[Site "masterchessopen.com Saratov (Russia)"]
[Date "2011.03.17"]
[Round "4"]
[White "Borisovsky Viktor (RUS)"]
[Black "Smirnov Alexandr A (RUS)"]
[Result "1-0"]
[WhiteElo "2129"]
[BlackElo "2160"]

1.d4 Nf6 2.c4 e6 3.Nc3 Bb4 4.e3 O-O 5.Ne2 d5 6.cxd5 exd5 7.g3 c6 8.Bg2 Re8
9.O-O Na6 10.f3 Nc7 11.e4 dxe4 12.fxe4 Bg4 13.e5 Nfd5 14.Nxd5 Nxd5 15.h3 Be6
16.Nf4 Nxf4 17.Rxf4 Qd7 18.Kh2 Be7 19.h4 Rad8 20.Be3 a6 21.Qc2 g5 22.Rf3 Bg4
23.Rxf7 {#r} 1-0

[Event "Memorial G.Agzamov (open)"]
[Site "masterchessopen.com Tashkent (Uzbekistan)"]
[Date "2011.03.19"]
[Round "2"]
[White "Khoroshev Nikita (UZB)"]
[Black "Ismagambetov Anuar (KAZ)"]
[Result "0-1"]
[WhiteElo "2263"]
[BlackElo "2500"]

1.d4 Nf6 2.c4 e6 3.Nc3 Bb4 4.e3 O-O 5.Ne2 Re8 6.a3 Bf8 7.g3 d5 8.cxd5 exd5
9.Bg2 a5 10.O-O c6 11.Qc2 Na6 12.Bd2 g6 13.f3 c5 14.Rad1 Bd7 15.Bc1 Rc8 16.Kh1
cxd4 17.Nxd4 Nc5 18.Qb1 Qb6 19.Qa2 Bg7 20.b4 axb4 21.axb4 Qxb4 22.Nxd5 Nxd5
23.Qxd5 Ba4 24.Bd2 Qb2 25.Bc1 Qc3 26.Ne2 Qa5 27.Bd2 Qa6 28.Rde1 Red8 29.Qa2
Qd3 30.Ra1 Bxa1 31.Qxa1 Qxd2 {#R} 0-1

[Event "It (open)"]
[Site "masterchessopen.com Jakarta (Indonesia)"]
[Date "2011.04.02"]
[Round "2"]
[White "Ardiansyah H (INA)"]
[Black "Pamungkas Junaid (INA)"]
[Result "0-1"]
[WhiteElo "2371"]
[BlackElo "2240"]

1.d4 Nf6 2.c4 e6 3.Nc3 Bb4 4.e3 O-O 5.Ne2 b6 6.a3 Bxc3+ 7.Nxc3 Bb7 8.Bd3 d6
9.e4 Nbd7 10.O-O c5 11.d5 exd5 12.cxd5 a6 13.a4 Re8 14.b3 Ne5 15.Bb2 Nfg4
16.Be2 Qh4 17.Bxg4 Nxg4 18.h3 Nf6 19.f3 Nh5 20.Ne2 f5 21.exf5 Re3 22.Bc1 Re5
23.Nc3 Ng3 24.f4 Re7 25.Re1 Rae8 26.Bd2 Nxf5 27.Rxe7 Rxe7 28.Qg4 Qf6 29.Kh2
Ne3 30.Qf3 Qd4 31.Ra2 Nxd5 32.Nxd5 Bxd5 33.Qg3 Re2 34.Bc3 Rxa2 35.Bxd4 Rxg2+
{#R} 0-1

[Event "It (open)"]
[Site "masterchessopen.com Donostia (Spain)"]
[Date "2011.04.17"]
[Round "2"]
[White "Korchnoi Viktor (SUI)"]
[Black "Lillo Castan Victor (ESP)"]
[Result "1-0"]
[WhiteElo "2556"]
[BlackElo "2286"]

1.d4 Nf6 2.c4 e6 3.Nc3 Bb4 4.e3 O-O 5.Ne2 d5 6.a3 Be7 7.Nf4 c6 8.Bd3 Nbd7
9.cxd5 exd5 10.Qf3 Re8 11.g4 Nf8 12.g5 Ne4 13.h4 Qa5 14.Bd2 Nxd2 15.Kxd2 Qb6
16.Kc2 a5 17.Rhg1 Qd8 18.Qg3 b5 19.h5 Bd6 20.Qf3 Ra7 21.g6 fxg6 22.hxg6 h6
23.Nh5 Qe7 24.Rg2 Be6 25.Ne2 b4 26.Nef4 Bc8 27.Nxg7 {#r} 1-0

[Event "Cup Spring"]
[Site "masterchessopen.com Lvov (Ukraine)"]
[Date "2011.04.29"]
[Round "2"]
[White "Davymuka Roman (UKR)"]
[Black "Yashchenko Olena (UKR)"]
[Result "1-0"]
[WhiteElo "2119"]
[BlackElo "1830"]

1.d4 Nf6 2.c4 e6 3.Nc3 Bb4 4.e3 O-O 5.Ne2 d5 6.a3 Be7 7.Nf4 c6 8.cxd5 cxd5
9.Be2 Nc6 10.b4 Bd7 11.Bb2 Bd6 12.Nd3 Rc8 13.Rc1 e5 14.Nb5 e4 15.Nxd6 exd3
16.Qxd3 Rb8 17.O-O a6 18.Nf5 h5 19.Nh4 Ne4 20.Nf3 Bf5 21.Qd1 Re8 22.Ne5 Nxe5
23.dxe5 h4 24.Qd4 Ng5 25.f4 Ne6 26.Qd2 Qb6 27.Bd4 Qd8 28.Bf3 Qd7 29.Bc5 Nxc5
30.Rxc5 Be6 31.Rfc1 Rbd8 32.Qd4 Qa4 33.Rc7 Qb5 34.a4 {#r} 1-0

[Event "Ch Ukraine (club)"]
[Site "masterchessopen.com Alushta (Ukraine)"]
[Date "2011.05.17"]
[Round "5"]
[White "Furs Andrey (UKR)"]
[Black "Biriukov Nikolai (UKR)"]
[Result "0-1"]
[WhiteElo "2043"]
[BlackElo "2418"]

1.d4 Nf6 2.c4 e6 3.Nc3 Bb4 4.e3 O-O 5.Ne2 d5 6.a3 Be7 7.cxd5 exd5 8.g3 c6
9.Bg2 Bf5 10.O-O Qc8 11.Re1 Re8 12.b3 Bf8 13.Ra2 h6 14.Nf4 Ne4 15.Nce2 g5
16.Nd3 g4 17.Ndf4 Ng5 18.Nc3 Nd7 19.h4 gxh3 20.Bf1 Nf6 21.f3 h5 22.Rf2 Bg7
23.Kh2 Qd7 24.Kg1 Rad8 25.Bd3 b6 26.Qc2 Bxd3 27.Qxd3 c5 28.Rd1 h4 29.gxh4
Nxf3+ 30.Rxf3 Qg4+ 31.Kf2 Ne4+ 32.Ke2 cxd4 33.Ncxd5 Rxd5 34.Nxd5 Qg2+ 35.Ke1
h2 36.Rf1 h1=Q {#R} 0-1

[Event "Ch City (open)"]
[Site "masterchessopen.com Frankfurt (Germany)"]
[Date "2011.06.14"]
[Round "7"]
[White "Wagner Dirk (GER)"]
[Black "Koch Markus (GER)"]
[Result "0-1"]
[WhiteElo "2029"]
[BlackElo "2104"]

1.d4 Nf6 2.c4 e6 3.Nc3 Bb4 4.e3 O-O 5.Ne2 d5 6.a3 Be7 7.Ng3 c5 8.dxc5 dxc4
9.Qxd8 Rxd8 10.Bxc4 Bxc5 11.b4 Be7 12.Bb2 Nbd7 13.Rd1 a6 14.O-O b5 15.Be2 Bb7
16.Rd2 Nb6 17.Rxd8+ Rxd8 18.Rd1 Rc8 19.e4 Kf8 20.e5 Nfd5 21.Nge4 Nc4 22.Bxc4
Rxc4 23.Nd6 Rxc3 24.Bxc3 Nxc3 25.Rd3 Bxd6 26.exd6 Nd5 {#R} 0-1

[Event "Ch Germany (juniors) (under 16)"]
[Site "masterchessopen.com Oberhof (Germany)"]
[Date "2011.06.18"]
[Round "9"]
[White "Miller Eduard (GER)"]
[Black "Mueller Alexander (GER)"]
[Result "0-1"]
[WhiteElo "2111"]
[BlackElo "1951"]

1.d4 Nf6 2.c4 e6 3.Nc3 Bb4 4.e3 O-O 5.Ne2 b6 6.a3 Bxc3+ 7.Nxc3 Bb7 8.b4 Qe7
9.Bb2 d6 10.d5 c6 11.Qd4 exd5 12.cxd5 cxd5 13.Be2 Kh8 14.b5 Nbd7 15.O-O Nc5
16.Rad1 Ne6 17.Qb4 d4 18.exd4 Nf4 19.Rfe1 Nxg2 20.Bf3 Nxe1 21.Bxb7 Qxb7
22.Rxe1 Rfe8 23.Rd1 Qf3 24.d5 Re5 25.Qd4 Rg5+ 26.Kf1 Re8 {#R} 0-1